000 00898nam a22002417a 4500
005 20100317133737.0
008 100317t xxu||||| |||| 00| 0 eng d
010 _aENG-95897
020 _a8183161081
_c800.00
020 _a9788183161084
_c800.00
035 _aEN-79430
037 _bDBAD/PUB
040 _aDPL
082 _a370.1
100 _aGhanta, Ramesh
245 _aFoundations of education/
_cby Prof. Ramesh Ghanta and B. N. Dash
260 _aNew Delhi
_bNeelkamal Publications
_c2006
270 _aBG5/9B, Paschim Vihar
_bNew Delhi
_e110063
300 _axix, 431p.
_c24 cm. (Hb)
_eBibliography and Index from page 416 to 431
650 _aEducation
942 _2ddc
_cEN
_mGHA
_h370.1
999 _c34725
_d34725